European Polyglot - Days of the Week - Statistics

General Stats
  • This quiz has been taken 35 times
  • The average score is 20 of 35
Answer Stats
Hint Answer % Correct
Wednesday lundi
84%
Thursday mardi
81%
Sunday domingo
77%
Sunday domingo
77%
Friday lunes
77%
Friday vendredi
77%
Sunday dimanche
74%
Wednesday mercredi
74%
Saturday sábado
74%
Saturday sábado
74%
Thursday jeudi
71%
Wednesday miércoles
71%
Thursday jueves
68%
Saturday martes
68%
Monday montag
68%
Saturday samedi
68%
Friday viernes
68%
Friday freitag
61%
Sunday sonntag
61%
Tuesday dienstag
55%
Wednesday mittwoch
55%
Saturday samstag
55%
Thursday donnerstag
52%
Saturday sabato
48%
Monday lunedì
42%
Sunday mercoledì
39%
Thursday giovedì
35%
Tuesday martedì
35%
Sunday domenica
32%
Friday venerdì
32%
Wednesday quarta-feira
26%
Thursday quinta-feira
23%
Monday segunda-feira
23%
Friday sexta-feira
23%
Tuesday terça-feira
23%
No matching quizzes found
Score Distribution
Percent of People with Each Score
Percentile by Number Answered
Your Score History
You have not taken this quiz